000 00516nam a22001937a 4500
003 CEME
005 20210628210516.0
008 210209b xxu||||| |||| 00| 0 eng d
020 _a0-07-057009-4
040 _c.
082 _a808.042 SEY
100 _aSeyler, Dorothy U
_979708
245 _aRead reason write
250 _a4TH
260 _aNEW YORK
_bMCGRAW HILL
_c1995
300 _a568P
650 _aENGLISH LANGUAGE-RHETORIC PERSUASION-RHETORIC COLLEGE READERS REPORT WRITING
_979709
942 _cBK
_2ddc
999 _c584709
_d584709